000 00608nam a2200181 i 4500
001 152064
003 ES-MaACL
005 20250822032537.0
008 931025s1897 sp |||| | spa d
080 _a159.91
100 1 _aBesteiro, Julián,
_d1870-1940
_928619
245 1 3 _aLa psicofísica
_b: (obra premiada por el Ateneo de Madrid) /
_cpor Julián Besteiro.
260 _aMadrid :
_b[s.n.],
_c1897 (
_fImp. de Ricardo Rojas)
300 _aVII, 141 p. ;
_c20 cm.
650 0 7 _aPsicología fisiológica
_2embne
_916565
852 _aES-MaACL
_jF-11884
_z- Enc. hol.
999 _c152064
_d152064